Statystyki dla Najgorętsze państwa z wyjątkami

Kliknij tutaj aby rozwiązać quiz!

Ogólne statystyki

  • Ten quiz został rozwiązany 101 razy
  • Średni wynik to 12 z 21

Statystyki odpowiedzi

°CPaństwo% Poprawnych
25.85Indonezja
79%
27.00Zjednoczone Emiraty Arabskie
74%
25.60Oman
73%
26.30Tajlandia
72%
27.15Katar
71%
25.40Malezja
69%
25.85Filipiny
65%
25.35Kuwejt
65%
26.45Singapur
65%
26.95Sri Lanka
64%
27.15Bahrajn
60%
27.65Malediwy
59%
25.25Timor Wschodni
51%
25.00Bangladesz
49%
26.85Brunei
49%
25.40Panama
48%
26.80Kambodża
45%
25.35Wenezuela
45%
26.00Gujana
41%
25.70Surinam
38%
25.30Belize
29%

Rozkład punktacji

Percentyl według liczby udzielonych odpowiedzi

Procent ludzi z każdym wynikiem

Twoja historia wyników

Nie rozwiązałeś tego quizu